000 00522nam a2200193Ia 4500
003 GCL
008 140319s9999 xx 000 0 eng d
020 _a04492133203
040 _aGCL /
_cGCL
082 0 4 _a823
_bT M
100 1 _aTRUMAN, MARGARET
245 1 0 _aMURDER IN GEORGE TOWN /
_cTRUMAN, MARGARET
260 _aنيويورك :
_bFAWCETT CREST ،
_c1986
300 _a18 CM ؛
_c327 P
490 _aTHE NATIONAL BEST SELLER
_v0
650 0 4 _aENGLISH LITERATURE
650 0 4 _aENGLISH FICTION
942 _2ddc
_cBK
999 _c4116
_d4116